000 00335nam a22001457a 4500
008 231025b ||||| |||| 00| 0 eng d
020 _a0070386897
041 _aeng
080 _a101
082 _a101LON
100 _a44
101 _aFILOZO
245 _aFUNDAMENTALS OF ELEMENTARY PARTICLE PHYSICS
_cLONGO.J.M
942 _2udc
_cBK
999 _c60462
_d60462